| 000 | 00869nam a22002055i 4500 | ||
|---|---|---|---|
| 001 | 163723 | ||
| 003 | ES-MaACL | ||
| 005 | 20231229063047.0 | ||
| 008 | 011126s1878 sp |||| | spa d | ||
| 040 |
_aEXT _bspa _cEXT |
||
| 100 | 1 |
_aRodríguez, Gabriel, _d1829-1901 _998243 |
|
| 245 | 1 | 0 |
_aEl socialismo de cátedra _b: 10ª conferencia: 3 de enero de 1878 / _cpor Gabriel Rodríguez. |
| 260 |
_aMadrid : _b[s.n.], _c1878 ( _fEstab. tip. de J.C. Conde y Compañía) |
||
| 300 |
_aP. 173-187 ; _c23 cm. |
||
| 594 | _aPrecede al tít.: Institución de Libre Enseñanza. | ||
| 595 | _aSeparata de: Revista de España. | ||
| 710 | 2 |
_aInstitución Libre de Enseñanza. _94724 |
|
| 852 |
_aES-MaACL _jT-257-F-4 _z-- Enc. hol. _z-- Enc. en un vol. facticio _x-- Edic.: Este ejemplar tiene sólo portadilla que carece de pie de imp. |
||
| 999 |
_c163723 _d163723 |
||